000 00366nam a22001577a 4500
003 MPLRDC
005 20220104142637.0
008 210129b ||||| |||| 00| 0 eng d
082 _a967 BT
100 _a班徒编著
245 _a室内装修技艺
_c
260 _a
_b香港万里书店
_c1973
300 _b
650 _a室内设计
942 _cBK
_o967 BT
999 _c32538
_d32528